Soft Skills: Know Yourself and Know The World (Record no. 13270)

MARC details
000 -LEADER
fixed length control field 00426nam a22001697a 4500
003 - CONTROL NUMBER IDENTIFIER
control field OSt
008 - FIXED-LENGTH DATA ELEMENTS--GENERAL INFORMATION
fixed length control field 240408b |||||||| |||| 00| 0 eng d
020 ## - INTERNATIONAL STANDARD BOOK NUMBER
International Standard Book Number 9788121931922
082 ## - DEWEY DECIMAL CLASSIFICATION NUMBER
Classification number 153.6 ALS
100 ## - MAIN ENTRY--PERSONAL NAME
Personal name ALEX, K.
245 ## - TITLE STATEMENT
Title Soft Skills: Know Yourself and Know The World
250 ## - EDITION STATEMENT
Edition statement 3rd. ed,
260 ## - PUBLICATION, DISTRIBUTION, ETC. (IMPRINT)
Place of publication, distribution, etc New Delhi,
Name of publisher, distributor, etc S Chand and Company Limited,
Date of publication, distribution, etc 2024
300 ## - PHYSICAL DESCRIPTION
Extent 254 p.
650 ## - SUBJECT ADDED ENTRY--TOPICAL TERM
Topical term or geographic name as entry element English
942 ## - ADDED ENTRY ELEMENTS (KOHA)
Source of classification or shelving scheme Dewey Decimal Classification
Koha item type Text Books
Holdings
Withdrawn status Lost status Source of classification or shelving scheme Damaged status Not for loan Collection code Home library Current library Date acquired Source of acquisition Currency Cost, normal purchase price Bill Number Total Checkouts Full call number Acc. no. / Barcode Date last seen Actual Cost, discounted price Bill Date Koha item type Date last borrowed
    Dewey Decimal Classification     Applied Sc. PIET C-LIBRARY PIET C-LIBRARY 04/04/2025 Zaffa Books INR 550.00 ZBD0009   153.6 ALS 39009 11/04/2025 385.00 04/04/2025 Reference Books  
    Dewey Decimal Classification     Applied Sc. PIET C-LIBRARY PIET C-LIBRARY 04/04/2025 Zaffa Books INR 550.00 ZBD0009   153.6 ALS 39010 11/04/2025 385.00 04/04/2025 Text Books  
    Dewey Decimal Classification     Applied Sc. PIET C-LIBRARY PIET C-LIBRARY 04/04/2025 Zaffa Books INR 550.00 ZBD0009   153.6 ALS 39011 11/04/2025 385.00 04/04/2025 Text Books  
    Dewey Decimal Classification     Applied Sc. PIET C-LIBRARY PIET C-LIBRARY 04/04/2025 Zaffa Books INR 550.00 ZBD0009 1 153.6 ALS 39012 23/06/2025 385.00 04/04/2025 Text Books 19/06/2025
    Dewey Decimal Classification     Applied Sc. PIET C-LIBRARY PIET C-LIBRARY 04/04/2025 Zaffa Books INR 550.00 ZBD0009 1 153.6 ALS 39013 23/06/2025 385.00 04/04/2025 Text Books 19/06/2025
    Dewey Decimal Classification     Applied Sc. PIET C-LIBRARY PIET C-LIBRARY 04/04/2025 Zaffa Books INR 550.00 ZBD0009 1 153.6 ALS 39014 01/12/2025 385.00 04/04/2025 Text Books 26/08/2025
    Dewey Decimal Classification     Applied Sc. PIET C-LIBRARY PIET C-LIBRARY 04/04/2025 Zaffa Books INR 550.00 ZBD0009   153.6 ALS 39015 11/04/2025 385.00 04/04/2025 Text Books  
    Dewey Decimal Classification     Applied Sc. PIET C-LIBRARY PIET C-LIBRARY 04/04/2025 Zaffa Books INR 550.00 ZBD0009   153.6 ALS 39016 11/04/2025 385.00 04/04/2025 Text Books  
    Dewey Decimal Classification     Applied Sc. PIET C-LIBRARY PIET C-LIBRARY 04/04/2025 Zaffa Books INR 550.00 ZBD0009   153.6 ALS 39017 11/04/2025 385.00 04/04/2025 Text Books  
    Dewey Decimal Classification     Applied Sc. PIET C-LIBRARY PIET C-LIBRARY 04/04/2025 Zaffa Books INR 550.00 ZBD0009   153.6 ALS 39018 11/04/2025 385.00 04/04/2025 Text Books  

Design & Developed by: PIET Central Library
R70 Miles Stone Pattikalyana Samalkha Panipat 132102
mail ID :- [email protected], Phone No:- 0180-2569700 Ex.216